00257nam a2200097Ia 4500008004100000100002200041245002700063260004300090300000800133650001800141191201s2011 xx 000 0 und d aCHOUDHARY, Om Kar 0aTelevision Patrakarita aN. DelhibHaryana Granth Academyc2011 a198 aGeneral Books